[Event "FC St. Pauli III - SC Diogenes II"]
[Site "Landesliga Hamburg 2022/23"]
[Date "2023.05.07"]
[Round "9.22"]
[White "Knecht, Guntram"]
[Black "Kalla, Christian"]
[Result "1/2-1/2"]
[WhiteElo "2052"]
[BlackElo "1948"]
[PlyCount "122"]

1. e4 c5 2. Nc3 a6 3. g3 b5 4. Bg2 Bb7 5. d3 Nf6 6. Nf3 e6 7. O-O Be7 8. Re1 b4
9. Nb1 O-O 10. Nbd2 d5 11. e5 Nfd7 12. Nf1 Nc6 13. h4 Qc7 14. Bf4 a5 15. h5 c4
16. d4 c3 17. b3 a4 18. Qd3 Ba6 19. Qe3 Bb5 20. N1h2 Ra7 21. h6 g6 22. Bg5 Rfa8
23. Bxe7 Nxe7 24. Rac1 axb3 25. axb3 Qd8 26. Qf4 Qf8 27. Bh3 Ra2 28. g4 Rb2 29.
Nf1 Raa2 30. Ne3 Ra6 31. Bf1 Bxf1 32. Rxf1 Rba2 33. g5 Qa8 34. Ne1 Ra1 35. Nd3
Rxc1 36. Rxc1 Qb8 37. Kg2 Ra2 38. Kh2 Ra6 39. Rd1 Ra2 40. Nc5 Nxc5 41. Qf6 Qf8
42. dxc5 Nc6 43. Nxd5 Rxc2 44. Ra1 Rd2 45. Ne3 Nd4 46. Kg1 c2 47. Nxc2 Rxc2 48.
Ra8 Rc1+ 49. Kh2 Rh1+ 50. Kxh1 Qxa8+ 51. Kg1 Nf5 52. c6 Qc8 53. Kf1 Qc7 54. Ke1
Qc8 55. Kd2 Qc7 56. Kd3 Qc8 57. Kd2 Qc7 58. Kd3 Qb6 59. Ke2 Qc7 60. Kd3 Qb6 61.
Ke2 Qc7 1/2-1/2

[Event "FC St. Pauli III - SC Diogenes II"]
[Site "Landesliga Hamburg 2022/23"]
[Date "2023.05.07"]
[Round "9.23"]
[White "Buchholz, Robert"]
[Black "Hedayat-Nassab, Djamschid"]
[Result "0-1"]
[WhiteElo "1975"]
[BlackElo "2071"]
[PlyCount "112"]

1. d4 Nf6 2. c4 e6 3. Nf3 d5 4. Nc3 c6 5. Bg5 Be7 6. e3 Ne4 7. Nxe4 dxe4 8.
Bxe7 Qxe7 9. Nd2 f5 10. f3 exf3 11. Nxf3 O-O 12. Bd3 Nd7 13. O-O e5 14. Bc2 e4
15. Nd2 Nf6 16. c5 Be6 17. Bb3 Nd5 18. Bxd5 Bxd5 19. Qe2 Rf6 20. Nc4 Raf8 21.
a4 g5 22. g3 Kh8 23. Ne5 f4 24. g4 f3 25. Qf2 Rh6 26. Qg3 Rh4 27. Rf2 Rf6 28.
h3 Kg7 29. b4 Qc7 30. a5 a6 31. Rc1 Be6 32. Rcc2 h5 33. gxh5 Rxh5 34. Rh2 Kh7
35. Kf2 Qc8 36. Ng4 Bxg4 37. hxg4 Rxh2+ 38. Qxh2+ Rh6 39. Qg3 Rh4 40. Rc1 Qxg4
41. Qxg4 Rxg4 42. Rg1 Rh4 43. Rxg5 Rh2+ 44. Kf1 Re2 45. d5 cxd5 46. Rxd5 Rxe3
47. Rd7+ Kg6 48. Rxb7 Rc3 49. Kf2 Rc2+ 50. Kg3 Rg2+ 51. Kh3 Rc2 52. Re7 Kf5 53.
Kg3 Rg2+ 54. Kh3 Rg6 55. Re8 Kf4 56. Rf8+ Ke3 0-1

[Event "FC St. Pauli III - SC Diogenes II"]
[Site "Landesliga Hamburg 2022/23"]
[Date "2023.05.07"]
[Round "9.24"]
[White "Kessler, Bernd"]
[Black "Zehic, Semir"]
[Result "1-0"]
[WhiteElo "2003"]
[BlackElo "1727"]
[PlyCount "45"]

1. d4 g6 2. e4 Bg7 3. Bc4 c5 4. Nf3 cxd4 5. O-O e5 6. c3 Ne7 7. Ng5 d5 8. exd5
O-O 9. Qb3 b5 10. Bxb5 Ba6 11. cxd4 exd4 12. Bxa6 Nxa6 13. Qh3 h6 14. d6 Nf5
15. Ne4 Qh4 16. Qf3 Rfe8 17. Nbd2 Qd8 18. Nc4 Qh4 19. Bf4 Qd8 20. Rfe1 g5 21.
Bxg5 hxg5 22. Qxf5 Rc8 23. d7 1-0

[Event "SV Großhansdorf - SV Diagonale Harburg"]
[Site "Landesliga Hamburg 2022/23"]
[Date "2023.05.07"]
[Round "9.25"]
[White "Syed, Tareq"]
[Black "Wahls, Matthias"]
[Result "0-1"]
[WhiteElo "1921"]
[BlackElo "2531"]
[PlyCount "70"]

1. e4 c5 2. d3 Nc6 3. g3 Nf6 4. Bg2 d5 5. Nd2 e5 6. Ngf3 Be7 7. O-O O-O 8. c3
Re8 9. Re1 d4 10. c4 Bg4 11. h3 Bd7 12. Re2 Qc8 13. Qf1 Qc7 14. Ne1 a6 15. b3
g6 16. Nb1 b5 17. Rc2 Nb4 18. Rb2 Rab8 19. f4 Nh5 20. Qf3 exf4 21. g4 Ng7 22.
Bxf4 Bd6 23. Bxd6 Qxd6 24. Rf2 Rf8 25. Nd2 f6 26. a3 Nc6 27. Ra2 Ne6 28. Nf1 g5
29. Qd1 Nf4 30. Nf3 h5 31. N3h2 hxg4 32. hxg4 Ne5 33. Rad2 bxc4 34. bxc4 Qb6
35. Ng3 Qb1 0-1

[Event "SV Großhansdorf - SV Diagonale Harburg"]
[Site "Landesliga Hamburg 2022/23"]
[Date "2023.05.07"]
[Round "9.27"]
[White "Becker, Martin"]
[Black "Heyken, Enno"]
[Result "1/2-1/2"]
[WhiteElo "1898"]
[BlackElo "2331"]
[PlyCount "64"]

1. e4 e6 2. d4 d5 3. Nc3 Bb4 4. exd5 exd5 5. Bf4 Ne7 6. Bd3 Nbc6 7. Nge2 Bf5 8.
f3 Qd7 9. g4 Bg6 10. Qd2 h5 11. O-O-O hxg4 12. fxg4 O-O-O 13. h3 Rh7 14. Bxg6
Nxg6 15. Qd3 Rdh8 16. a3 Bxc3 17. Qxc3 Re8 18. Be3 Qe6 19. Rd3 Qe4 20. Ng3 Qg2
21. Rg1 Qxh3 22. Rh1 Qxh1+ 23. Nxh1 Rxh1+ 24. Rd1 Rh3 25. Rd3 Rh1+ 26. Rd1 Rh3
27. Rd3 Re4 28. Kb1 Rxg4 29. Qe1 Nce7 30. Qf1 Rgg3 31. Qxf7 Kd7 32. Qf2 Rf3
1/2-1/2

[Event "SV Großhansdorf - SV Diagonale Harburg"]
[Site "Landesliga Hamburg 2022/23"]
[Date "2023.05.07"]
[Round "9.28"]
[White "Kuhn, Gerd"]
[Black "Holst, Marten"]
[Result "1-0"]
[WhiteElo "1981"]
[BlackElo "1905"]
[PlyCount "89"]

1. d4 Nf6 2. Bg5 d5 3. e3 Ne4 4. Bf4 c6 5. Nd2 Qa5 6. c3 Nxd2 7. Qxd2 Bf5 8.
Nf3 Nd7 9. Nh4 Be6 10. Bd3 h6 11. Bg3 Nf6 12. f3 g5 13. Nf5 Nh5 14. Bf2 Ng7 15.
g4 Nxf5 16. gxf5 Bd7 17. h4 Bg7 18. hxg5 hxg5 19. Rxh8+ Bxh8 20. e4 f6 21. c4
Qxd2+ 22. Kxd2 dxc4 23. Bxc4 O-O-O 24. Rh1 Bg7 25. Rh7 Bf8 26. Kc3 b5 27. Bf7
Kb7 28. d5 cxd5 29. Bxd5+ Bc6 30. Bxc6+ Kxc6 31. Bxa7 Ra8 32. Bd4 Rxa2 33. Kb3
Ra1 34. Rf7 Ra8 35. Rh7 Ra1 36. Bc3 Kd6 37. Rh8 Ra8 38. Bb4+ Kd7 39. e5 fxe5
40. f6 exf6 41. Rxf8 Rxf8 42. Bxf8 e4 43. fxe4 g4 44. Kc3 g3 45. Kd3 1-0

[Event "SV Großhansdorf - SV Diagonale Harburg"]
[Site "Landesliga Hamburg 2022/23"]
[Date "2023.05.07"]
[Round "9.30"]
[White "Varain, Ernst-Helmuth"]
[Black "Haschimi, Haschem"]
[Result "1/2-1/2"]
[WhiteElo "2021"]
[BlackElo "1803"]
[PlyCount "106"]

1. e4 e5 2. Nf3 Nc6 3. Bb5 a6 4. Ba4 b5 5. Bb3 Bc5 6. O-O d6 7. c3 Nf6 8. d3 h6
9. h3 O-O 10. Re1 Na5 11. Bc2 Bb6 12. d4 exd4 13. cxd4 c5 14. b3 Re8 15. Bb2
Nh7 16. Nc3 Bb7 17. d5 Bc8 18. Ne2 Ng5 19. Nf4 Nxf3+ 20. Qxf3 Qg5 21. Nh5 f6
22. Bc1 Qg6 23. Bf4 Nb7 24. Rac1 Qf7 25. g4 g6 26. Ng3 g5 27. Bd2 b4 28. Bd3
Bd7 29. Rc2 a5 30. Qe2 Re5 31. Bc1 Ree8 32. Bb2 Bd8 33. Qf3 Rf8 34. Nf5 Bxf5
35. Qxf5 Be7 36. Bb5 Nd8 37. Bc1 Rb8 38. Bc4 Qh7 39. a3 Qxf5 40. exf5 Re8 41.
axb4 axb4 42. Rd2 Nf7 43. f4 Kf8 44. Ra2 Bd8 45. Re6 Re7 46. Ra6 Rd7 47. Kg2
Be7 48. Kg3 Nd8 49. Re2 Nf7 50. h4 Kg7 51. Rh2 gxf4+ 52. Bxf4 Ne5 53. Rc2 Kh7
1/2-1/2

[Event "SV Großhansdorf - SV Diagonale Harburg"]
[Site "Landesliga Hamburg 2022/23"]
[Date "2023.05.07"]
[Round "9.31"]
[White "Haschimi, Said"]
[Black "Felten, Joachim"]
[Result "0-1"]
[WhiteElo "1554"]
[BlackElo "2082"]
[PlyCount "102"]

1. d4 d5 2. Bf4 c5 3. e3 Nc6 4. Nf3 Qb6 5. Nc3 e6 6. Be2 a6 7. Rb1 cxd4 8. exd4
Bb4 9. O-O Nf6 10. a3 Be7 11. Qd3 Bd7 12. Rfd1 Na5 13. Ne5 Rc8 14. Bg5 Qc7 15.
Qe3 h5 16. Bxf6 gxf6 17. Nxd7 Kxd7 18. Na2 Qxc2 19. Bd3 Qc7 20. Nb4 Bxb4 21.
axb4 Nc6 22. Qh6 Ke7 23. Rbc1 Qd7 24. Qd2 Nxd4 25. Qe3 Nc6 26. Qc5+ Qd6 27. Qe3
Nxb4 28. Be2 Nc6 29. Qb6 Nb8 30. Qxb7+ Qd7 31. Qb6 Rc6 32. Qe3 Rhc8 33. Rxc6
Qxc6 34. Qh6 Qc2 35. Bxh5 Nd7 36. Re1 Qxb2 37. Bxf7 Ne5 38. Bxe6 Qc3 39. Kf1
Kxe6 40. f4 Qd3+ 41. Kg1 Qg6 42. Qh3+ Qf5 43. Qf3 Rc6 44. fxe5 fxe5 45. Rf1 Qc2
46. Qf8 Qc5+ 47. Qxc5 Rxc5 48. g4 Rc2 49. g5 d4 50. Rf6+ Kd5 51. Kf1 Rxh2 0-1

[Event "SK Marmstorf - Hamburger SK IV"]
[Site "Landesliga Hamburg 2022/23"]
[Date "2023.05.07"]
[Round "9.33"]
[White "Groetzbach, Julian"]
[Black "Kuberczyk, Christoph"]
[Result "1/2-1/2"]
[WhiteElo "2245"]
[BlackElo "2282"]
[PlyCount "27"]

1. e4 c5 2. Nf3 e6 3. d4 cxd4 4. Nxd4 Nc6 5. Nc3 a6 6. Nxc6 bxc6 7. Bd3 d5 8.
O-O Nf6 9. Re1 Be7 10. e5 Nd7 11. Qg4 g6 12. Bh6 Qb6 13. Na4 Qb4 14. Qxb4
1/2-1/2

[Event "SK Marmstorf - Hamburger SK IV"]
[Site "Landesliga Hamburg 2022/23"]
[Date "2023.05.07"]
[Round "9.34"]
[White "Hawellek, Jeronimo"]
[Black "Groetzbach, Daniel"]
[Result "1-0"]
[WhiteElo "2278"]
[BlackElo "2049"]
[PlyCount "33"]

1. d4 d5 2. c4 c6 3. Nf3 Nf6 4. e3 e6 5. b3 Nbd7 6. Bb2 Bd6 7. Bd3 b6 8. O-O
Bb7 9. Ne5 c5 10. Nd2 Qc7 11. f4 Rd8 12. Qe2 O-O 13. Nxd7 Rxd7 14. dxc5 dxc4
15. Bxf6 gxf6 16. cxd6 Qxd6 17. Be4 1-0

[Event "SK Marmstorf - Hamburger SK IV"]
[Site "Landesliga Hamburg 2022/23"]
[Date "2023.05.07"]
[Round "9.35"]
[White "Frackowiak, Oliver"]
[Black "Ramme, Christoph"]
[Result "1/2-1/2"]
[WhiteElo "2139"]
[BlackElo "2142"]
[PlyCount "59"]

1. e4 e5 2. Nf3 Nc6 3. Bc4 Nf6 4. d3 Bc5 5. c3 a6 6. Bb3 d6 7. O-O Ba7 8. Re1
O-O 9. h3 h6 10. Nbd2 Re8 11. Nf1 Be6 12. N3h2 d5 13. Qf3 dxe4 14. dxe4 Bxb3
15. axb3 Re6 16. Ng3 Bc5 17. b4 Bf8 18. Be3 Qd3 19. Ng4 Nxg4 20. hxg4 Qc4 21.
Nf5 Ne7 22. g3 Nxf5 23. exf5 Qc6 24. Qxc6 Rxc6 25. b5 Rd6 26. Bc5 Rd5 27. Bxf8
Kxf8 28. bxa6 Rxa6 29. Rxa6 bxa6 30. Ra1 1/2-1/2

[Event "SK Marmstorf - Hamburger SK IV"]
[Site "Landesliga Hamburg 2022/23"]
[Date "2023.05.07"]
[Round "9.36"]
[White "Diekmann, Jens"]
[Black "Jantzen, Hans-Joerg"]
[Result "0-1"]
[WhiteElo "2044"]
[BlackElo "2133"]
[PlyCount "84"]

1. c4 Nf6 2. Nc3 b6 3. e4 Bb7 4. d3 e5 5. g3 Bb4 6. Nge2 O-O 7. Bg2 Re8 8. O-O
Nc6 9. h3 Bxc3 10. bxc3 d6 11. f4 Nd7 12. Kh2 Qe7 13. f5 f6 14. g4 Nd8 15. Be3
Nf7 16. Ng3 Nf8 17. h4 h6 18. Bf3 Nh7 19. Rh1 Red8 20. Qb3 Kf8 21. Kg2 Bc6 22.
Raf1 a6 23. g5 fxg5 24. hxg5 Nfxg5 25. f6 Qd7 26. fxg7+ Kg8 27. Nf5 Ba4 28. Qa3
Bc2 29. Be2 Nf7 30. Bxh6 Re8 31. Qc1 Ba4 32. Bh5 Re6 33. Be3 Nf6 34. Bxf7+ Kxf7
35. Rh8 Ree8 36. Rfh1 Bc6 37. R1h4 Qxf5 38. Kh2 Qf3 39. Qg1 Rg8 40. Bh6 Bd7 41.
Qg2 Qxg2+ 42. Kxg2 Rxh8 0-1

[Event "SK Marmstorf - Hamburger SK IV"]
[Site "Landesliga Hamburg 2022/23"]
[Date "2023.05.07"]
[Round "9.37"]
[White "Meier, David Geffrey"]
[Black "Koenig, Friedrich Theodor"]
[Result "1/2-1/2"]
[WhiteElo "2087"]
[BlackElo "1941"]
[PlyCount "58"]

1. d4 d5 2. c4 c6 3. Nc3 Nf6 4. Nf3 e6 5. g3 dxc4 6. Bg2 Nbd7 7. O-O b5 8. e4
Bb7 9. e5 Nd5 10. Ng5 h6 11. Qh5 g6 12. Qh3 Be7 13. Nce4 Kf8 14. Nf3 Kg7 15.
Bd2 Qb6 16. a4 a5 17. g4 b4 18. Rfc1 c5 19. Rxc4 Ba6 20. Rcc1 cxd4 21. Qg3 Nc5
22. Nxc5 Bxc5 23. Ne1 d3 24. Be4 Bd4 25. Rab1 Rad8 26. Bxd3 Bb7 27. Bf1 Ba8 28.
Nd3 Qb7 29. Bg2 Qd7 1/2-1/2

[Event "SK Marmstorf - Hamburger SK IV"]
[Site "Landesliga Hamburg 2022/23"]
[Date "2023.05.07"]
[Round "9.38"]
[White "Fabig, Holger"]
[Black "Atri, Jamshid"]
[Result "0-1"]
[WhiteElo "1957"]
[BlackElo "1969"]
[PlyCount "160"]

1. e4 d6 2. d4 Nf6 3. Nc3 e5 4. dxe5 dxe5 5. Qxd8+ Kxd8 6. Bg5 Be6 7. O-O-O+
Nbd7 8. Nf3 Bd6 9. Be2 a6 10. h3 Ke8 11. g4 h5 12. Bxf6 Nxf6 13. g5 Nd7 14. Nh4
Be7 15. Nf3 Bc5 16. Rh2 g6 17. Nd5 Rc8 18. Nd2 c6 19. Nf6+ Nxf6 20. gxf6 b5 21.
Nf3 Bf8 22. Ng5 Bh6 23. h4 Rd8 24. Rhh1 Bxg5+ 25. hxg5 Rd7 26. Rh4 Rxd1+ 27.
Kxd1 Kd7 28. Kd2 a5 29. b3 Kd6 30. Ke3 Kc5 31. c3 b4 32. c4 a4 33. f4 exf4+ 34.
Kxf4 a3 35. Ke5 Re8 36. Kf4 Kd4 37. Rh2 c5 38. Bf1 Kc3 39. Bh3 Bxh3 40. Rxh3+
Kb2 41. Rh2+ Kb1 42. Re2 h4 43. Kg4 Rh8 44. Rh2 Re8 45. Kf4 h3 46. Re2 Rh8 47.
Rh2 Rh4+ 48. Kf3 Ka1 49. e5 Rh8 50. Kf4 Rh4+ 51. Kf3 Kb1 52. e6 fxe6 53. Kg3
Rd4 54. Kxh3 Rf4 55. Kg3 Rf5 56. Kg4 Ka1 57. Re2 e5 58. Kh4 e4 59. Kg4 e3 60.
Rxe3 Kxa2 61. Rf3 Rxf3 62. Kxf3 Kxb3 63. f7 a2 64. f8=Q a1=Q 65. Qxc5 Qf1+ 66.
Kg3 Qxc4 67. Qd6 Qc3+ 68. Kg2 Qc2+ 69. Kf1 Qf5+ 70. Ke2 Qxg5 71. Qd3+ Ka4 72.
Qd1+ b3 73. Qa1+ Kb5 74. Qg7 Qg2+ 75. Kd3 Qc2+ 76. Ke3 b2 77. Qb7+ Ka4 78. Qa6+
Kb3 79. Qb5+ Ka2 80. Qd5+ Qb3+ 0-1

[Event "SK Marmstorf - Hamburger SK IV"]
[Site "Landesliga Hamburg 2022/23"]
[Date "2023.05.07"]
[Round "9.39"]
[White "Salenko, Vadim"]
[Black "Herlan, Klaus-Juergen"]
[Result "1-0"]
[WhiteElo "1996"]
[BlackElo "2000"]
[PlyCount "107"]

1. d4 d5 2. e3 Nf6 3. Bd3 e6 4. Nd2 Bd6 5. f4 b6 6. Qe2 Bb7 7. Ngf3 O-O 8. Ne5
Ne4 9. O-O c5 10. c3 f5 11. Rf3 Nd7 12. Rh3 Ndf6 13. Ndf3 c4 14. Bc2 b5 15. Bd2
a5 16. Kh1 b4 17. Rg1 Re8 18. g4 Re7 19. Be1 Qf8 20. gxf5 exf5 21. Nh4 Bxe5 22.
Nxf5 Bxf4 23. cxb4 Bc8 24. Nxe7+ Qxe7 25. Rf3 Bc7 26. Bh4 Ra6 27. bxa5 Bxa5 28.
Rf4 Bc7 29. Rxe4 dxe4 30. Qxc4+ Qf7 31. Bb3 Re6 32. Bg3 Ne8 33. Rf1 Qe7 34. Qc6
h6 35. Qxe4 Bxg3 36. Bxe6+ Qxe6 37. Qxe6+ Bxe6 38. hxg3 Bxa2 39. e4 Nf6 40. Ra1
Bc4 41. Ra4 Bd3 42. e5 Be4+ 43. Kg1 Nd5 44. Kf2 Kf7 45. b4 g5 46. b5 h5 47.
Ra7+ Ke8 48. Rg7 h4 49. Rxg5 h3 50. Rh5 Bg2 51. Rh6 Nc3 52. b6 Kd7 53. Rh7+ Kc8
54. Rc7+ 1-0

[Event "SK Marmstorf - Hamburger SK IV"]
[Site "Landesliga Hamburg 2022/23"]
[Date "2023.05.07"]
[Round "9.40"]
[White "Undritz, Bjoern"]
[Black "Juergens, Bernhard"]
[Result "0-1"]
[WhiteElo "1866"]
[BlackElo "2123"]
[PlyCount "104"]

1. e4 e6 2. d4 d5 3. Nc3 Bb4 4. exd5 exd5 5. Nf3 Nc6 6. a3 Ba5 7. Be2 Nge7 8.
b4 Bb6 9. Na4 O-O 10. O-O Bg4 11. Nxb6 axb6 12. Bf4 Qd7 13. h3 Bf5 14. Re1 f6
15. Bd3 Rfe8 16. Bxf5 Nxf5 17. Qd3 Nce7 18. c4 dxc4 19. Qxc4+ Nd5 20. g4 Nfe7
21. Kh2 b5 22. Qb3 Kh8 23. Bg3 c6 24. g5 Ng6 25. gxf6 gxf6 26. Rxe8+ Rxe8 27.
Rg1 Re4 28. Qd3 Qxh3+ 29. Kxh3 Ndf4+ 30. Bxf4 Nxf4+ 31. Kg3 Nxd3 32. Nh4 Rxd4
33. Nf5 Rd5 34. Ne7 Rg5+ 35. Kh2 Rxg1 36. Kxg1 Ne5 37. Nc8 Nc4 38. f4 Kg7 39.
Kf2 Kf7 40. Kf3 Ke6 41. Ke4 f5+ 42. Kd4 Kd7 43. Na7 h5 44. a4 Nd6 45. axb5 cxb5
46. Ke3 Kc7 47. Kf3 Kb6 48. Kg3 Kxa7 49. Kh4 Kb6 50. Kxh5 Kc6 51. Kg5 Kd5 52.
Kf6 Ke4 0-1